UBT Library

Programming principles in computer graphics / (Record no. 43199)

000 -LEADER
fixed length control field 00572cam a2200217 a 4500
001 - CONTROL NUMBER
control field 3806581
005 - DATE AND TIME OF LATEST TRANSACTION
control field 20180222080518.0
008 - FIXED-LENGTH DATA ELEMENTS--GENERAL INFORMATION
fixed length control field 851209s1986 enka b 001 0 eng
010 ## - LIBRARY OF CONGRESS CONTROL NUMBER
LC control number 85029590
020 ## - INTERNATIONAL STANDARD BOOK NUMBER
International Standard Book Number 0471909890 (pbk.) :
Terms of availability $17.88
040 ## - CATALOGING SOURCE
Original cataloging agency DLC
Transcribing agency DLC
Modifying agency DLC
041 ## - LANGUAGE CODE
Language code of text/sound track or separate title eng
080 ## - UNIVERSAL DECIMAL CLASSIFICATION NUMBER
Universal Decimal Classification number 006.66 AMM
082 00 - DEWEY DECIMAL CLASSIFICATION NUMBER
Classification number 006.66 AMM
Edition number 19
100 1# - Rafti
Rafti 28
101 ## - Shkurtesa
Shkurtesa SHK
245 10 - TITLE STATEMENT
Title Programming principles in computer graphics /
Statement of responsibility, etc L. Ammeraal.
504 ## - BIBLIOGRAPHY, ETC. NOTE
Bibliography, etc Bibliography: p. 166.
906 ## - LOCAL DATA ELEMENT F, LDF (RLIN)
a 7
b cbc
c orignew
d 1
e ocip
f 19
g y-gencatlg
942 ## - ADDED ENTRY ELEMENTS (KOHA)
Source of classification or shelving scheme
Item type Books
Holdings
Withdrawn status Lost status Source of classification or shelving scheme Damaged status Not for loan Collection code Permanent location Current location Shelving location Date acquired Total Checkouts Full call number Barcode Date last seen Price effective from Koha item type
          Koleksioni i përgjithshem UBT - Lipjan UBT - Lipjan Koleksioni i përgjithshem 02/22/2018   006.66 AMM 002-2999881 02/22/2018 02/22/2018 Books
UBT Library © 2015-2024. All rights reserved University Education for Business and Technology